| 000 | 00606cam a2200217 4500500 | ||
|---|---|---|---|
| 005 | 20260405003252.0 | ||
| 041 | _afre | ||
| 042 | _adc | ||
| 100 | 1 | 0 |
_aOrtoli, Sven _eauthor |
| 245 | 0 | 0 | _aAppelons un chat un chat |
| 260 | _c2021. | ||
| 500 | _a17 | ||
| 690 | _aAnimal | ||
| 690 | _aAnimal de compagnie | ||
| 690 | _aChat | ||
| 690 | _aEnvironnement | ||
| 690 | _aNature | ||
| 690 | _aVivant | ||
| 786 | 0 | _nPhilosophie magazine | 148 | 4 | 2021-04-01 | p. 25-26 | 1951-1787 | |
| 856 | 4 | 1 | _uhttps://shs.cairn.info/magazine-philosophie-magazine-2021-4-page-25?lang=fr&redirect-ssocas=7080 |
| 999 |
_c2065937 _d2065937 |
||